ا ر تسا م (Record no. 164263)

MARC details
000 -LEADER
fixed length control field 00652nam a22001937a 4500
005 - DATE AND TIME OF LATEST TRANSACTION
control field 20190515110804.0
010 ## - LCCN (DPL NO)
LC control number UR-10119
020 ## - INTERNATIONAL STANDARD BOOK NUMBER
Terms of availability 400.00
International Standard Book Number 9789387539228
035 ## - SYSTEM CONTROL NUMBER
System control number U-8674
037 ## - SOURCE OF ACQUISITION
Source of stock number/acquisition DBAD/PUB
082 ## - DEWEY DECIMAL CLASSIFICATION NUMBER
Classification number 808.88
100 ## - MAIN ENTRY--PERSONAL NAME
Personal name کو ثر مظہر ی
245 ## - TITLE STATEMENT
Title ا ر تسا م
Statement of responsibility, etc کو ثر مظہر ی
246 ## - VARYING FORM OF TITLE
Remainder of title ‏Irtisaam(LiteraryArticles)(Urdu)
Title proper/short title by Kausar Mazhari
260 ## - PUBLICATION, DISTRIBUTION, ETC. (IMPRINT)
Place of publication, distribution, etc Delhi
Name of publisher, distributor, etc Educational Publishing House
Date of publication, distribution, etc 2017 ء
270 ## - ADDRESS
Address 3191،Vakil Street,Kucha Pandit,Lal Kuan,
City Delhi
Postal code 110006
Telephone number 23216162
Fax number 00911123211540
300 ## - PHYSICAL DESCRIPTION
Extent 464ص
Dimensions 22 Cm.(bk)
942 ## - ADDED ENTRY ELEMENTS (KOHA)
Source of classification or shelving scheme Dewey Decimal Classification
Item type Urdu Bks
Classification part 808.88
Call number suffix ک و ث
Holdings
Withdrawn status Lost status Not for loan Collection code Home library Current library Date acquired Source of acquisition Cost, normal purchase price Full call number Barcode Copy number Cost, replacement price Koha item type
    Not For Loan Non-fiction D.B.Act.Division D.B.Act.Division 15/05/2019 DBAD/PUB 400.00 808.88 ک و ث U-8674 1 400.00 Urdu Bks

© Delhi Public Library
Hit Counter
free hit counter